Countries and Clubs of UEFA EURO 2024 Squads -- Group D - Statistics

General Stats
  • This quiz has been taken 70 times
  • The average score is 15 of 24
Answer Stats
Answer % Correct
England
90%
France
90%
Austria
88%
Italy
88%
Spain
88%
Ajax
87%
Poland
87%
Germany
87%
Netherlands
87%
Paris Saint-Germain
87%
PSV Eindhoven
78%
AC Milan
63%
Real Madrid
63%
Liverpool
62%
Feyenoord
60%
Inter Milan
58%
RB Leipzig
58%
Borussia Dortmund
53%
Bologna
30%
Turkey
28%
Rapid Vienna
15%
Empoli
12%
SC Freiburg
12%
Hellas Verona
8%
No matching quizzes found
Score Distribution
Percent of People with Each Score
Percentile by Number Answered
Your Score History
You have not taken this quiz